| 000 | 00573nam a2200193Ia 4500 | ||
|---|---|---|---|
| 005 | 20250508160743.0 | ||
| 008 | 008 250505s9999 xx 000 0 eng d | ||
| 037 | _aTextual | ||
| 040 |
_aFEDL _beng _cFEDL |
||
| 041 |
_aeng _2eng |
||
| 084 |
_a302.2, LAV _qFEDL |
||
| 100 |
_aLaver John Ed. _9438544 |
||
| 245 | 0 | _aCommunication in face to face interaction: Slected readings | |
| 260 |
_aHarmondsworth _bPenguin Books Ltd. _c1985 |
||
| 300 | _a418p | ||
| 700 |
_a Hutcheson Sandy Ed. _9769297 |
||
| 942 |
_cTEXL _h302.2, LAV |
||
| 999 |
_c1366418 _d1366418 |
||